| 000 | 00652nam a2200205 a 4500 | ||
|---|---|---|---|
| 001 | 000013079 | ||
| 005 | 20240530073916.0 | ||
| 008 | 091120s2005 dr 000 f spa d | ||
| 020 | _z9993432045 | ||
| 040 |
_aDO-SdBNP _bspa _cBNPHU |
||
| 082 |
_aRD863.44 _bS715p |
||
| 100 | 1 |
_aSosa, A. Rudecindo, _d1977- _930209 |
|
| 245 | 1 | 3 |
_aEl pelotero : _b¡ la inocente pureza de los sueños ! / _cA. Rudecindo Sosa. |
| 260 |
_aSanto Domingo : _bArgos, _c2005. |
||
| 300 |
_a165 p. ; _c22 cm. |
||
| 590 | _aInventariado, 2020 / DG | ||
| 650 | 0 |
_aNovela dominicana _9223 |
|
| 650 | 0 |
_aLiteratura dominicana. _967 |
|
| 910 | _aValidado. Control de calidad MMOLINA | ||
| 999 |
_c12721 _d12721 |
||